000 00732nam a22001937a 4500
003 BUBTL
008 191127b xxu||||| |||| 00| 0 eng d
020 _a984-18-0186-8
082 _a891.443 / BAA
100 _92286
_aবন্দোপাধ্যায়, বিভূতিভূষন
245 _aআরণ্যক /
_cবিভূতিভূষন বন্দোপাধ্যায়
250 _a3rd ed.
260 _aঢাকা :
_bবিশ্ব সাহিত্য কেন্দ্র,
_cc2016.
300 _a254 p. :
_bill. ;
_c22 cm.
650 0 _91687
_aবাংলা সাহিত্য
856 _k0
_l0
_yDownload
942 _2ddc
_cBK
999 _c6173
_d6173